| 000 | 00593cam a2200205 4500 | ||
|---|---|---|---|
| 001 | F100116 | ||
| 008 | 000000n1999 000 0 eng u | ||
| 035 | _a(Sirsi) u100116 | ||
| 041 | _aENG | ||
| 050 | _a336.39 | ||
| 110 |
_aUnited Kingdom _bNational Audit Office _91350 |
||
| 245 | _aExamining the value for money of deals under the Private Finance Initiative. | ||
| 260 |
_aLondon _bStationery Office _c1999 |
||
| 300 | _a83p. ; 30cm. | ||
| 350 | _a12.10 | ||
| 650 | _aPFI | ||
| 650 | _aPRIVATE FINANCE INITIATIVE | ||
| 690 | _aPROPERTY-PROPERTY FINANCE AND INVESTMENT | ||
| 942 | _n0 | ||
| 999 |
_c99603 _d99603 |
||